Statistics for Still lyrics. Niall Horan

Click here to take the quiz!

General Stats

  • This quiz has been taken 338 times
    (336 since last reset)
  • The average score is 233 of 293

Answer Stats

VersesAnswer% Correct
i
100%
I
100%
you
99%
i'm
98%
im
98%
I'm
98%
A
97%
a
97%
love
97%
still
97%
with
97%
in
96%
The
94%
the
94%
me
93%
it
91%
we
91%
tell
90%
chorusTell
90%
be
89%
honest
89%
to
89%
but
87%
But
87%
If
87%
if
87%
just
87%
Chorusso
87%
want
87%
that
86%
truth
86%
is
85%
Verse 1My
85%
from
84%
telling
84%
away
83%
miles
83%
started
83%
thousand
83%
complicated
82%
means
82%
Pre chorusAnd
81%
and
81%
day
81%
here
81%
mind
81%
find
80%
Find
80%
honesty
80%
standing
80%
way
80%
I'll
79%
hard
78%
somehow
78%
stars
78%
know
77%
say
77%
up
77%
why
77%
at
75%
don't
75%
rearrange
75%
shine
74%
sorry
74%
night
73%
won't
73%
tryna
72%
Well
72%
we'll
72%
well
72%
go
71%
make
70%
this
70%
like
67%
have
64%
lately
63%
for
61%
Overreacting
60%
BridgeOh
57%
us
57%
back
56%
on
56%
see
56%
Lets
55%
then
55%
alright
54%
our
54%
basics
53%
guess
53%
hate
53%
its
53%
it's
53%
focus
52%
lost
52%
of
49%
Verse 2Did
48%
should
48%
breaking
47%
forget
46%
miscalculate
46%
shooting
46%
what's
46%
them
45%
Cause
44%
killing
44%
about
43%
gold
41%
it'll
39%
nights
39%
could
34%
come
31%
gone
29%
war
29%

Score Distribution

Percentile by Number Answered

Percent of People with Each Score

Your Score History

You have not taken this quiz since the last reset